|
|
|
|
| LEADER |
00000nab a2200000 ar4500 |
| 001 |
vtls008409651 |
| 003 |
SK-MaSNL |
| 005 |
20260303070132.0 |
| 008 |
051115c20050922xo wr|p|||||||000 b|slo |
| 038 |
|
|
|a RVGKPD
|
| 040 |
|
|
|a RVGKPD
|b slo
|c RVGKPD
|e AACR2
|
| 041 |
0 |
|
|a slo
|
| 044 |
|
|
|a xo
|c SK
|
| 080 |
|
|
|a 369.223.22
|2 UDC-MRF-SK2
|
| 100 |
1 |
|
|a Hefler, Belo
|4 aut
|9 866957
|
| 245 |
1 |
0 |
|a Dve nemocnice, dva prístupy a výsledky
|b revúcka nemocnica s plánmi na rozvoj, rožňavský kolos v kŕči záchrany
|c Belo Hefler
|
| 300 |
|
|
|b Fotogr.
|
| 610 |
2 |
7 |
|a Nemocnica s poliklinikou sv. Barbory (Rožňava, Slovensko)
|2 rvgkpd
|9 31725
|
| 610 |
2 |
7 |
|a Nemocnica s poliklinikou (Revúca, Slovensko)
|2 rvgkpd
|9 58655
|
| 651 |
|
7 |
|a Rožňava (Slovensko)
|2 rvgkpd
|9 17394
|
| 651 |
|
7 |
|a Revúca (Slovensko)
|2 rvgkpd
|9 31503
|
| 773 |
0 |
|
|t GEMERinfo
|g Roč. I, č. 3 (22.9.2005), s. 3, 4
|
| 852 |
|
|
|a RVGKPD
|b KIS3G
|
| 992 |
|
|
|a RBX
|
| 999 |
|
|
|c 1754096
|d 1756026
|